000 00431nam a2200157Ia 4500
008 230711s9999||||xx |||||||||||||| ||und||
041 _aENG
082 _a624
_bBU-I
100 _aBureau of Indian Standard
245 0 _aSI : SP 27 1984
_bHandbook of method of measurement of building works
250 _a1st
260 _c1984
_aNew Delhi
_bBureau of Indian Standard
300 _a120
650 _aCivil Engineering
942 _cBK
999 _c8108
_d8108